000 00327nam a22001337a 4500
041 _aENG
100 _aTimoshenko.S
245 _aStrength Of Materials (Part 2 ) Advanced Theory And Problems
250 _aThird ED
260 _aDelhu
_bCBS Pub & Distributors
_c1986
300 _a572
650 _aFS
856 _uFS ( 36)
999 _c862
_d862